000
00291nam a2200133Ia 4500
100
_a
Pressman Roger.S
942
_c
BK
654
_a
software
245
_a
Software Engineering 3rd ed
260
_b
Mc Graw Hill
_a
New York
_c
1992
082
_a
5.1
_b
PRE
300
_a
793
546
_a
ENGLISH
999
_c
26017
_d
26017